| 000 | 00985cab a2200301 4500 | ||
|---|---|---|---|
| 001 | ABS48840 | ||
| 008 | 090401t1993 xxu||||| |||| 00| 0 eng d | ||
| 035 | _a(Sirsi) u68758 | ||
| 041 | _aeng | ||
| 245 | 4 | _aThe insolvent tenant | |
| 260 | _c1993 | ||
| 350 | _a0 | ||
| 490 |
_aNew Law Journal _v143(6602) 28 May 1993, 787-789; 4 June 1993, 822-8 |
||
| 520 | _aPresents the options open to landlords when an insolvent tenant, a company registered under the Companies Act, is in breach of covenant: forfeiture, action for arrears of rent or damages for breach of the terms, distraint. | ||
| 650 | _aADMINISTRATION ORDERS | ||
| 650 | _aBUSINESS TENANCIES | ||
| 650 | _aFORFEITURE | ||
| 650 |
_aInsolvency _96247 |
||
| 650 | _aINSOLVENT TENANTS | ||
| 650 | _aLEASES | ||
| 650 | _aLIQUIDATION | ||
| 650 | _aLPA RECEIVERS | ||
| 650 | _aRECEIVERSHIP | ||
| 650 | _aRENT ARREARS | ||
| 690 | _aLANDLORD AND TENANT-BUSINESS TENANCIES | ||
| 942 | _n0 | ||
| 948 | _c04/03/1997 | ||
| 999 |
_c43154 _d43154 |
||